<The> Unbearable lightness of imposing e-comerce in a vertical agreement setting
Vzájomný vzťah IS/IT a vnútorného trhu. Súťažné právo v EÚ a liberálny prístup v USA.
Saved in:
| Main Author: | |
|---|---|
| Format: | Book Chapter |
| Language: | English |
| Subjects: | |
| Tags: |
No Tags, Be the first to tag this record!
|
MARC
| LEADER | 00000naa a2200000 4500 | ||
|---|---|---|---|
| 001 | 0211420 | ||
| 005 | 20231128125315.2 | ||
| 041 | 0 | |a eng | |
| 044 | |a CZ | ||
| 245 | 1 | 0 | |a <The> Unbearable lightness of imposing e-comerce in a vertical agreement setting |c Radka MacGregor Pelikánová |
| 520 | |a Vzájomný vzťah IS/IT a vnútorného trhu. Súťažné právo v EÚ a liberálny prístup v USA. | ||
| 610 | 2 | 0 | |a právo protimonopolné |
| 610 | 2 | 0 | |a USA |
| 610 | 2 | 0 | |a technológie informačné |
| 610 | 2 | 0 | |a technológie komunikačné |
| 610 | 2 | 0 | |a Európa |
| 610 | 2 | 0 | |a ochrana súťaže hospodárskej |
| 100 | 1 | |a Pelikánová, Radka MacGregor | |